| 000 | 01068cam a2200265 i 4500 | ||
|---|---|---|---|
| 003 | SA-RiAUC | ||
| 005 | 20250829145026.0 | ||
| 008 | 250827s2013 su g 000 0 ara c | ||
| 020 | _a6396369874212 | ||
| 024 | 0 | _a00000000007832 | |
| 040 |
_aAE-Fuphi _bara _cAE-Fuphi _erda |
||
| 082 | 0 | 4 |
_a251 _qSA-RiAUC |
| 090 |
_a251 _bا ب ن ب |
||
| 100 | 1 |
_aابن بيه، عبد الله بن الشيخ المحفوظ، _d1935- _eمؤلف. |
|
| 245 | 1 | 0 |
_aإثارات تجديدية في حقول الأصول / _cعبد الله بن الشيخ المحفوظ بن بيه. |
| 250 | _aالطبعة الأولى. | ||
| 264 | 1 |
_aالرياض : _aجدة، السعودية : _bدار وجوه للنشر والتوزيع ؛ _bدار التجديد، _c2013 |
|
| 300 |
_a166 صفحة ؛ _c24 × 17 سم |
||
| 336 |
_aنص _btxt _2rdacontent _3كتاب |
||
| 337 |
_aبدون وسيط _bn _2rdamedia |
||
| 338 |
_aمجلد _bnc _2rdacarrier |
||
| 650 | 7 |
_aأصول الفقه الإسلامي _2aucsh |
|
| 942 |
_2ddc _cBOOK _n0 |
||
| 949 |
_aSA-JeALM _d250827 _umohamedma123 _n1 |
||
| 999 |
_c11276 _d11276 |
||